LEADER 01069nas# 22002771i 450 001 UON00039111 005 20231205102137.685 011 $a0126-8171 100 $a20020107a1997 |0itac50 ba 101 $aeng 102 $aMY 105 $a|||| 1|||| 110 $aaA||||||||| 200 1 $aEconomic report 1997/98$fMinistry of Finance 210 $aKuala Lumpur$cMinistry of Finance v. ; 27 cm Annuale 620 $aMY$dKuala Lumpur$3UONL000249 686 $aMY$cMALESIA - PERIODICI$2A 686 $aDONO$cPERIODICI - DONO$2A 712 02$aMalaysia$bMinistry of Finance$3UONV024903 712 $aMinistry of Finance Malaysia$3UONV252271$4650 801 $aIT$bSOL$c20240220$gRICA 899 $aSIBA - SISTEMA BIBLIOTECARIO DI ATENEO$2UONSI$41997/98 -$cPer 2354 BIS UFFICIO BIBLIOTECA ; 912 $aUON00039111 950 $aSIBA - SISTEMA BIBLIOTECARIO DI ATENEO$bSI 1997/98 -$dSI A Per 2354 BIS 1997/98 $eSI SA 90068 7 1997/98 996 $aEconomic report 1997$91320757 997 $aUNIOR